000 00289nam a22001337a 4500
008 170216b xxu||||| |||| 00| 0 eng d
020 _a9780801885853
041 _aeng
080 _a615
100 _a5
101 _aSHM
245 _aTHE MEDICAL IZATION SOCITY
_cCONRAD
942 _2udc
_cBK
999 _c5698
_d5698